000 00450cam a2200181 4500
001 D8904
008 090401t1982 xxu||||| |||| 00| 0 eng d
035 _a(Sirsi) u16079
041 _aeng
050 _a692.3
100 _aMartin, David (ed)
245 _aSpecification 82: building products and methods. Volume 5
260 _aLondon
_bArchitectural Press
_c1982
300 _a5v. 30cm
350 _a39.95
942 _n0
948 _c04/03/1997
999 _c87363
_d87363